01325nam a22003497a 4500003000900000005001700009007000300026008003400029020001500063040003000078082002700108100003700135245007500172264004900247300004900296336002700345337003600372338003000408490003200438590002600470650004400496650002400540650003600564650002600600650003500626700003200661700003600693910004000729942001200769952017700781999001700958DO-SdBPM20260325135619.0ta161031b1996 xxu a 00| 0 spa d a0673758486 aDO-SdBPMbspacBPMSUerda04a813.54bA727u 19962221 aArmajo, Charlotteeautor 4aut. 10aUn baile en el desierto /cCharlotte Armajo ; ilustración Teri Sloat aEstados Unidos : bCelebration Press, c1996 a16 páginas : bilustración ; c18 cm.  atextobtxt2rdacontent asin meditación bn2rdamedia  avolumen bnc2rdacarrier 0 aPequeñitas celebraciones  aInventariado, 2026/VM 7aCuentos estadounidenses infantiles x  7a Cuento de animales 7aLibros ilustrados para niños  7a Literatura infantil  7aLibros ilustrados para niños1 aSloat, Terieilustración 12aAlmada, Patriciaeadaptación  aVMateo V. Control de calidad BPMSU  2ddccBK 00102ddc708CI-GaBPMETbBPMETd2017-11-03e Biblioteca Infantil Juvenil República Dominicanal0oBPMSU CGI 813.54 A727u 1996pBPMSU17110038r2017-11-03w2017-11-03yBK c12757d12757